000 00318pam a2200121a 44500
008 230405s1967 xxu||||| |||| 00| 0 eng d
041 _aENG
100 _aLawrence George H M
245 _aTaxonomy of vascular plants
260 _aNew delhi
_boxford & IBH publishing co pvt ltd
_c1967
300 _a823
906 _a842
999 _c292185
_d292185